[Event "Perm op2 06"]
[Site "Perm"]
[Date "2009.07.04"]
[Round "7"]
[White "Ezerskii, Maxim"]
[Black "Kovalenko, Anatoly"]
[Result "1-0"]
[WhiteElo "1911"]
[BlackElo "2049"]
[PlyCount "49"]
[EventDate "2009.06.26"]
[EventType "swiss"]
[EventRounds "9"]
[EventCountry "RUS"]
[SourceTitle "CBM 131 Extra"]
[Source "ChessBase"]
[SourceDate "2009.09.03"]
[SourceVersion "2"]
[SourceVersionDate "2009.09.16"]
[SourceQuality "1"]

1. c4 Nf6 2. Nc3 g6 3. g3 Bg7 4. Bg2 0-0 5. Nf3 d6 6. 0-0 c6 7. d4 Re8 8. Bf4 Nbd7 9. Qd2 e5 10. dxe5 dxe5 11. Nxe5 Qe7 12. Nxc6 bxc6 13. Bxc6 Ba6 14. Bxa8 Rxa8 15. b3 Bb7 16. Rad1 Qe6 17. Nd5 Re8 18. Rfe1 Qh3 19. f3 Bxd5 20. cxd5 Nh5 21. e4 Be5 22. Bxe5 Nxe5 23. Qg5 Qd7 24. f4 Ng4 25. h3 1-0